000
00249pam a2200133 a 4500
020
_c
041
_h
100
_a
L. David Mech.
245
_a
The Ecolgy and Behaviour
260
_c
1967
300
_a
384
653
_a
Ecology
930
_a
1269
999
_c
247122
_d
247122